Obras completas

Saved in:
書目詳細資料
主要作者: Darío, Rubén (Author)
格式: 圖書
語言:西班牙语
出版: Madrid El día de Cuenca 1923
叢編:Biblioteca Rubén Darío
主題:
標簽: 添加標簽
沒有標簽, 成為第一個標記此記錄!

MARC

LEADER 00000nam a2200000 a 4500
001 UCX5231
003 CL-VaPUC
008 921008e19230000SP |||||||||||||||||spa|d
082 0 4 |a Ni861  |b DAR  |2 21 
100 0 |a Darío, Rubén  |e author  |9 268402 
245 1 0 |a Obras completas 
300 |a v 
942 |c BK 
945 |d 19921008 00:00:00 
260 |a Madrid  |b El día de Cuenca  |c 1923 
500 |a v.2: Poemas de juventud 
650 7 |a POESIAS NICARAGUENSES  |2 CL-VaPUC  |9 266965 
583 |a last modification  |c 19921008 00:00:00  |k Rodrigo Vera 
490 0 |a Biblioteca Rubén Darío 
999 |c 225527  |d 225525 
952 |0 0  |1 0  |4 0  |6 NI_861_000000000000000_DAR_1923  |7 0  |8 A  |9 223110  |a BIBEDU  |b BIBEDU  |d 2019-11-15  |h v.2  |i 2919567  |o Ni861 DAR 1923  |p 2919567  |r 2019-11-15  |w 2019-11-15  |y BK  |k LIT